=LDR 00000nam 2200000 4500 =001 INLIS000000000810419 =005 20260428023955 =035 ##$$a 0010-1225000057 =007 ta =008 260428###########################0###### =020 ##$$a 9789791429177 =082 ##$$a 297.246 =084 ##$$a 297.246 KAT q =245 ##$$a Qishashul Anbiya' /$c Ibnu Katsir =250 ##$$a Cet. 1 =260 ##$$a Surabaya :$b Amalia,$c 2015 =300 ##$$a 959 hlm ; $c 15 x 24 cm. =990 ##$$a 00000005094